000
00283nam a22001337a 4500
008
171101b xxu||||| |||| 00| 0 eng d
020
_a
9781121306479
041
_a
eng
080
_a
33
100
_a
59
101
_a
BUS
245
_a
GLOBAL BUSINESS
_c
GRAW HILL
942
_2
udc
_c
BK
999
_c
36953
_d
36953